Rozsypanka literowa - parki narodowe w Polsce - Statystyki

Ogólne statystyki
  • Ten quiz został rozwiązany 927 razy
  • Średni wynik to 13 z 23
Statystyki odpowiedzi
Park narodowy % Poprawnych
Słowiński
75%
Ojcowski
72%
Pieniński
72%
Tatrzański
70%
Białowieski
67%
Świętokrzyski
66%
Biebrzański
65%
Babiogórski
63%
Kampinoski
63%
Woliński
63%
Bieszczadzki
61%
Karkonoski
61%
Wigierski
59%
Gór Stołowych
58%
Poleski
56%
Magurski
55%
Ujście Warty
52%
Wielkopolski
50%
Narwiański
45%
Bory Tucholskie
42%
Roztoczański
42%
Drawieński
40%
Gorczański
38%
Nie znaleziono quizów pasujących do podanych kryteriów
Rozkład punktacji
Procent ludzi z każdym wynikiem
Percentyl według liczby udzielonych odpowiedzi
Twoja historia wyników
Nie rozwiązałeś tego quizu